| 000 | 00439cam a2200157 a 4500 | ||
|---|---|---|---|
| 001 | 000001017 | ||
| 005 | 20200929145452.0 | ||
| 008 | 750912s1964 fr 000 1 fre | ||
| 040 |
_aDO-SdBNP _bspa _cBNPHU |
||
| 082 |
_a843 _bG246m |
||
| 100 | 1 |
_aGascar, Pierre, _d1916- _93534 |
|
| 245 | 1 | 3 |
_aLe meilleur de la vie / _cPierre Gascar. |
| 260 |
_aParĂs : _bGallimard, _c1964. |
||
| 300 |
_a248 p. ; _c19 cm. |
||
| 650 | 4 |
_aLiteratura francesa _91074 |
|
| 999 |
_c996 _d996 |
||